LEADER 01047nam0 22002771i 450 001 SUN0024232 005 20050301120000.0 010 $a88-420-7129-3 100 $a20040920d2003 |0itac50 ba 101 $aita 102 $aIT 105 $a|||| ||||| 200 1 $aSi può clonare un essere umano?$fPaolo Vezzoni 210 $aRoma$aBari$cLaterza$d2003 215 $aXI, 138 p.$d21 cm. 410 1$1001SUN0005039$12001 $aUniversale Laterza$v835$1210 $aRoma$cLaterza. 606 $aClonazione$2FI$3SUNC000620 620 $dRoma$3SUNL000360 700 1$aVezzoni$b, Paolo$3SUNV004673$0242197 712 $aLaterza$3SUNV000002$4650 801 $aIT$bSOL$c20181109$gRICA 912 $aSUN0024232 950 $aUFFICIO DI BIBLIOTECA DEL DIPARTIMENTO DI GIURISPRUDENZA$d00 CONS I.Ef.27 $e00 25580 995 $aUFFICIO DI BIBLIOTECA DEL DIPARTIMENTO DI GIURISPRUDENZA$h25580$kCONS I.Ef.27$op$qa 996 $aSi può clonare un essere umano$9672261 997 $aUNICAMPANIA LEADER 04224oam 22005174a 450 001 9910830024803321 005 20230829000850.0 010 $a1-4051-6421-2 035 $a(CKB)1000000000771674 035 $a(MH)008341986-1 035 $a(SSID)ssj0000391116 035 $a(PQKBManifestationID)12089882 035 $a(PQKBTitleCode)TC0000391116 035 $a(PQKBWorkID)10337607 035 $a(PQKB)10159627 035 $a(EXLCZ)991000000000771674 100 $a19991215d2000 uy 0 101 0 $aeng 181 $ctxt 182 $cc 183 $acr 200 04$aThe Blackwell handbook of entrepreneurship /$fedited by Donald L. Sexton, Hans Landström, in conjunction with the School of Business and Entrepreneurship at Nova Southeastern University$b[electronic resource] 210 $aOxford ;$aMalden, MA $cBlackwell Business$d2000 215 $a1 online resource (xxiv, 468 p. )$cill. ; 225 0$aHandbooks in management 300 $aBibliographic Level Mode of Issuance: Monograph 311 $a0-631-21573-5 320 $aIncludes bibliographical references and index. 327 $aLearning together : national differences in entrepreneurship research / Howard Aldrich -- Conceptual and empirical challenges in the study of firm growth / Per Davidsson and Johan Wiklund -- The intersection of entrepreneurship and strategic management research / Michael Hitt and R. Duane Ireland -- Research mimicking policy : entrepreneurship/small business policy research in the United States / William Dennis Jr. -- SME policy in Europe / Dennis De -- Entrepreneurship in Germany / David Audretsch -- Regulatory policies and their impact on SMEs in Europe : the case of administrative burdens / Robert van der Horst, Andre Nijsen and Selcuk Gulhan -- The climate for entrepreneurship in European countries in transition / Josef Mugler -- Six steps to heaven : evaluating the impact of public policies to support small businesses in developed economies / David Storey -- Financing growth : recent developments in the European scene / Rik Donckels -- Informal venture capital and the financing of emergent growth businesses / Colin Mason and Richard Harrison -- Venture capital and growth / Sophie Manigart and Harry Sapienza -- Venture capital financing of entrepreneurship : theory, empirical evidence and a research agenda / Raphael Amit, James Brander and Christoph Zott -- Entrepreneurial teams and venture growth / Sue Birley and Simon Stockley -- Managing growth transitions : theoretical perspectives and research directions / J.B. (Ben) Arbaugh and S. Michael Camp -- Growth of technology-based new firms / Erkko Autio -- Entrepreneurship and high-technology clusters / Arnold Cooper and Timothy Folta -- Networking and entrepreneurial growth / Bengt Johannisson -- Strategic alliances as vehicles for international growth / Mark Weaver -- An entrepreneurial slant to franchise research / Frank Hoy, John Stanworth and David Purdy -- Remaining issues and suggestions for further research / Hans Landström and Donald L. Sexton. 330 1 $a"The Blackwell Handbook of Entrepreneurship brings together the best researchers in the USA and Europe to review the most up-to-date thinking on crucial topics in entrepreneurship studies. It is the first book to combine the research activities of Europe and the USA, and reflects cutting-edge research with a multicultural perspective."--Jacket. 606 $aEntrepreneurship$vCase studies 608 $aCase studies.$2fast 615 0$aEntrepreneurship 676 $a658.4/21 701 $aSexton$b Donald L$0105777 701 $aLandström$b Hans$0437771 712 02$aNova Southeastern University.$bSchool of Business and Entrepreneurship. 712 02$aBlackwell Publishers. 801 0$bDLC 801 1$bDLC 801 2$bC#P 906 $aBOOK 912 $a9910830024803321 996 $aThe Blackwell handbook of entrepreneurship$94005284 997 $aUNINA 999 $aThis Record contains information from the Harvard Library Bibliographic Dataset, which is provided by the Harvard Library under its Bibliographic Dataset Use Terms and includes data made available by, among others the Library of Congress